000 00737nam a2200229 a 4500
001 80269
003 BD-RjUL
005 20220831114728.0
008 220831s2021 bg ||||| |||| 00| 0 ben d
020 _a9789849534570
035 _a(BD-RjUL)80269
040 _aBD-RjUL
_beng
_cBD-RjUL
041 _aben
082 _223
_a891.441
_bMOB 2021
100 _aমনজুর, মৌসুম
_94567
245 _aবিপ্রতীপ স্রোতের টান /
_cমৌসুম মনজুর
260 _aঢাকা :
_bবেহুলাবাংলা,
_c২০২১
300 _a৮০ পৃ.;
_c২২ সেমি.
650 _aবাংলা কবিতা
650 _aBengali poetry
942 _2ddc
_cBK
999 _c80269
_d80269